| 000 | 00593nam a2200229Ia 4500 | ||
|---|---|---|---|
| 003 | OSt | ||
| 005 | 20230511162214.0 | ||
| 008 | 210423s2004 xx 000 0 und d | ||
| 020 | _a9781429202114 | ||
| 040 | _cAL | ||
| 041 | _aeng | ||
| 082 |
_a616.079 _223 _bKINK |
||
| 100 |
_aKINDT (Thomas J);GOLDSBY (Richard A);OSBORNE (Barbara A) _9103921 |
||
| 245 | _aKuby immunology | ||
| 250 | _a6 | ||
| 260 |
_aNew York _bW H Freeman & Co. _c2004 |
||
| 300 |
_axxii,574,i-27 _bPB |
||
| 365 |
_b3320 _cINR |
||
| 650 |
_aImmunology _9103922 |
||
| 906 | _aimmunology ; Kuby | ||
| 942 |
_2ddc _cBK |
||
| 999 |
_c164341 _d164341 |
||